Дорога длиною в век Из истории открытия и исследования жидких кристаллов

Xehetasun bibliografikoak
Egile nagusia: Сонин А. С. Анатолий Степанович
Erakunde egilea: Академия наук СССР (АН СССР)
Beste egile batzuk: Вайнштейн Б. К. (редактор)
Hizkuntza:errusiera
Argitaratua: Москва, Наука, 1988
Saila:Научно-популярная литература
История науки и техники
Gaiak:
Formatua: MixedMaterials Liburua
KOHA link:https://koha.lib.tpu.ru/cgi-bin/koha/opac-detail.pl?biblionumber=264555

MARC

LEADER 00000nam0a2200000 4500
001 264555
005 20231101233836.0
010 |a 5020000841 
020 |a RU  |b 88-76274 
035 |a (RuTPU)RU\TPU\book\287549 
090 |a 264555 
100 |a 20140620d1988 km y0rusy5003 ca 
101 0 |a rus 
102 |a RU 
105 |a ac z 001zy 
200 1 |a Дорога длиною в век Из истории открытия и исследования жидких кристаллов  |f А. С. Сонин  |g Академия наук СССР (АН СССР) ; отв. ред. Б. К. Вайнштейн 
210 |a Москва  |c Наука  |d 1988 
215 |a 223 с.  |c ил.  |d 20 см 
225 1 |a Научно-популярная литература 
225 1 |a История науки и техники 
320 |a Библиогр.: с. 210-221 (249 назв.). 
320 |a Указ. имен: с. 222-223. 
606 1 |a Кристаллы жидкие  |x Физика  |2 stltpush  |3 (RuTPU)RU\TPU\subj\66387  |9 82544 
610 1 |a открытие 
610 1 |a исследование 
610 1 |a история 
610 1 |a научные школы 
675 |a 532.78(09)  |z rus  |v 3 
700 1 |a Сонин  |b А. С.  |g Анатолий Степанович  |4 070 
702 1 |a Вайнштейн  |b Б. К.  |4 340 
712 0 2 |a Академия наук СССР (АН СССР)  |2 stltpush  |3 (RuTPU)RU\TPU\col\722 
801 0 |a RU  |b RuMRKP  |c 19950417  |g psbo 
801 1 |a RU  |b 63413507  |c 20140620 
801 2 |a RU  |b 63413507  |c 20150320  |g RCR 
942 |c BK